Nabi Muhammad diundang menemui Allah

Bibliographic Details
Other Authors: Rathomy, M. Abdai (Editor)
Format: Book
Published: Singapura : Pustaka Nasional , 1988
Subjects:

MARC

LEADER 00000cam a2200000 7i4500
001 0000006758
005 20190306093000.0
020 |a 9971772361 
090 0 0 |a BP166.57   |b .R37 1988 
100 0 |a Rathomy, M. Abdai ,   |e editor 
245 1 0 |a Nabi Muhammad diundang menemui Allah   |c M. Abdai Rathomy 
260 2 |a Singapura :   |b Pustaka Nasional ,   |c 1988 
300 |a 256 p. ;   |c 22 cm. 
600 0 0 |a Muhammad ,   |c Prophet ,   |d d. 632   |x Isra' and Miraj 
999 |a 1000056622   |b Book   |c OPEN SHELF (30 DAYS)   |e Gong Badak Campus